000 01193cam a22003374a 4500
001 12777344
003 OSt
005 20160215174907.0
008 020516s2002 nyua b 001 0 eng
010 _a 2002106997
020 _a1561633178
035 _a(DLC) 2002106997
040 _aSEKU
042 _apcc
043 _an-us---
050 0 0 _aNC 1305
_b.A8 2002
100 _aKaufman, Barbara B.
245 0 0 _aAttitude :
246 3 0 _aNew subversive political cartoonists
260 _aNew York :
_bNantier, Beall, Minoustchine,
_cc2002.
300 _a127 p. :
_bill. ;
_c28 cm.
504 _aIncludes bibliographical references and index.
650 0 _aCartoonists
_zUnited States
_vInterviews.
650 0 _aAmerican wit and humor, Pictorial.
651 0 _aUnited States
_xPolitics and government
_vCaricatures and cartoons.
651 0 _aUnited States
_xSocial life and customs
_vCaricatures and cartoons.
700 1 _aRall, Ted.
856 4 2 _3Contributor biographical information
_uhttp://www.loc.gov/catdir/enhancements/fy1110/2002106997-b.html
856 4 2 _3Publisher description
_uhttp://www.loc.gov/catdir/enhancements/fy1110/2002106997-d.html
942 _2lcc
_cGEN
999 _c11019
_d11019